| 000 | 00658nam a2200205Ia 4500 | ||
|---|---|---|---|
| 003 | GCL | ||
| 008 | 140319s9999 xx 000 0 ara d | ||
| 040 |
_aGCL / _cGCL |
||
| 082 | 0 | 4 |
_aط _b239.7 _bم م |
| 100 | 1 | _aمحمد احمد برانق | |
| 245 | 1 | 0 |
_aميمونة ومارية / _cمحمد احمد برانق |
| 260 |
_a[S.N] : _bدار المعارف ، _c1990 |
||
| 300 | _a32 ص | ||
| 490 |
_aمجموعة امهات المؤمنين _v0 |
||
| 650 | 0 | 4 | _aالسيرة النبوية |
| 650 | 0 | 4 | _aالاطفال |
| 650 | 0 | 4 | _aالقصص الدينية |
| 650 | 0 | 4 | _aزوجات النبى صلى الله عليه وسلم |
| 942 |
_2ddc _cBK |
||
| 999 |
_c57593 _d57593 |
||